000
00238nam a22000857a 4500
008
160822b xxu||||| |||| 00| 0 eng d
100
_9
207
_a
Nirupama Srivastava
245
_a
Art & Activity-8
260
_a
New Delhi
_b
Rachna Sagar publication
_c
2011
999
_c
2865
_d
2865